000 01079nam a2200265Ia 4500
999 _c34429
_d34429
001 170
003 GE_BSU
005 20241015105546.0
008 181216s2009||||ge |||||||||||||| ||geo||
020 _a9789994087556
040 _cGE_BSU
041 _ageo
080 _a338.22(100)(075.8) წ–654
100 _aწიფიანი, გურიელ
_921906
245 _aმომსახურების ბიზნესის ადმინისტრირება /
_cგურიელ წიფიანი; [მეცნ.-რედ. ქეთევან მარშავა].
264 _aთბილისი :
_bსიახლე,
_c2009.
300 _a84 გვ.;
_b20 სმ.
504 _aბიბლიოგრ.: გვ. 81-83.
541 _h15 ლ.
653 _aადმინისტრირება
653 _aბიზნესი
653 _aმომსახურების ბიზნესი
700 _a მარშავა, ქეთევან
_eრედაქტორი
_923394
942 _cBK
_2udc